000 01080cam a22002651a 4500
001 af 48003072
003 DLC
005 20260227110859.0
008 881123s1939 gw 000 0 ger c
010 _aaf 48003072
035 _a(OCoLC)18799638
040 _aHarvard Univ. Library
_cNcD
_dNcD
_dDLC
042 _apremarc
050 0 0 _aDD253
_b.L375
051 _aDD253
_b.L375 Suppl.
100 1 _aLeistritz, Hans Karl.
245 1 0 _aDeutsches Volkshandbuch /
_cvon Hans Karl Leistritz ; mit einer Darstellung der Führungsidee der NSDAP vom Leiter des Hauptschulungsamtes der NSDAP Friedrich Schmidt.
260 _aBerlin :
_bWirtschaftsverlag Arthur Sudau,
_c1939.
300 _aviii, 383 p. ;
_c16 cm.
500 _aMaps on lining papers.
500 _aSupplemented by: Nachtrag ... zugleich Kriegskalendar 1939/1940 (79 p. ; 16 cm.) published: Berlin : Arthur Sudau, 1940. Call number: DD253.L375 Suppl.
651 0 _aGermany
_xPolitics and government
_y1933-1945.
610 2 0 _aNationalsozialistische Deutsche Arbeiter-Partei.
700 1 _aSchmidt, Friedrich,
_d1902-
999 _c5388
_d5388